Datum a čas kvízu
26.5
Celkem bodů
Celkový počet nahraných bodů na tomto kvízu bez doplňovacích otázek.
15.
Pořadí na kvízu
Konečné umístění týmu na tomto kvízu.
Zaznamenané odpovědi
| # | Otázka | Odpověď | Body | Výsledky |
|---|---|---|---|---|
| 1. | Obličej kterého politika byl v... | Petra Macinky | 0 | |
| 2. | Balendra Šáh se v pátek stal p... | A | 1 | |
| 3. | První ukázku ze své novinky po... | Pět švestek | 0 | |
| 4. | Automobilka Škoda se rozhodla... | v Číně | 0 | |
| 5. | Po 33 letech se do České repub... | Kaori Sakamoto; Ilia Malinin | 0 | |
| 6. | „Jaké je hlavní město Gabonské... | D | 1 | |
| 7. | AZ Kvíz se na obrazovkách obje... | 1 100 Kč | 0 | |
| 8. | Doplňte tři slova do sloganu s... | který vám zaplatí | 1 | |
| 9. | Která herečka se objevuje v pa... | Jiřina Bohdalová | 1 | |
| 10. | Kdo byl moderátorem soutěže, j... | Marek Eben, Valtice | 0 |